Evaluación de la capacidad d ecarga viva vehicular en superestructuras de puentes de vigas preesforzadas en Costa Rica
Guardado en:
| Hovedforfatter: | |
|---|---|
| Format: | Bog |
| Sprog: | Spanish |
| Udgivet: |
[San José], Costa Rica
2017
|
| Fag: | |
| Tags: |
Tilføj Tag
Ingen Tags, Vær først til at tagge denne postø!
|
MARC
| LEADER | 00000nam a22000007a 4500 | ||
|---|---|---|---|
| 003 | 012562 | ||
| 005 | 20221231144207.0 | ||
| 008 | 170428b2017 cr a|||| |m|| 00| ||spa d | ||
| 040 | |c cru CEDI | ||
| 090 | |a TFG 7733 | ||
| 100 | |9 8111 |a Gómez Bonilla, Dagoberto | ||
| 245 | |a Evaluación de la capacidad d ecarga viva vehicular en superestructuras de puentes de vigas preesforzadas en Costa Rica | ||
| 260 | |a [San José], Costa Rica |c 2017 | ||
| 300 | |a xiv, 175[22] hojas; ilustraciones algunas a color | ||
| 500 | |a Proyecto de graduación (licenciatura en ingeniería civil)--Universidad de Costa Rica. Facultad de Ingeniería. Escuela de Ingeniería Civil | ||
| 650 | |x CARRETERA BRAULIO CARRILLO (COSTA RICA) |x PUENTES - DISEÑO Y CONSTRUCCION - COSTA RICA |x ESTRUCTURAS DE ACERO - EVALUACION |x ESTRUCTURAS DE HORMIGON ARMADO - EVALUACION LinkANALISIS ESTRUCTURAL (INGENIERIA) LinkCARGAS DINAMICAS (PUENTES) LinkINGENIERIA DEL TRANSITO |x VIGAS |x VIGAS DE HORMIGON |9 8112 | ||
| 942 | |c TFG | ||
| 999 | |c 18256 |d 18256 | ||
